000
00257nam a2200097Ia 4500
001
765393
005
20250826165321.0
008
250824s9999 xx 000 0 und d
245
0
_a
TÜRK MANİLERİNDEN SEÇMELER
_c
ERDİNÇ AKBAŞ
260
_b
AKVARYUM YAYINLARI
999
_c
765393
_d
765393